| 000 | 00682nam a22002057a 4500 | ||
|---|---|---|---|
| 003 | 0 | ||
| 005 | 20250901150916.0 | ||
| 008 | 250901b xxu||||| |||| 00| 0 eng d | ||
| 020 | _a978-1-77956-383-5 | ||
| 050 |
_aLB 1629 _b.A75 2025 |
||
| 100 |
_aArlos, Aisa P., _eauthor. |
||
| 245 |
_aSecondary curriculum design and delivery / _cAisa P. Arlos. |
||
| 260 |
_aBurlington, ON : _bSociety Publishing, _c2025. |
||
| 300 |
_axvi, 403 pages ; _c24 cm. |
||
| 504 | _aIncludes bibliographical references. | ||
| 650 |
_aEducation, Secondary _xCurricula. |
||
| 650 |
_aCurriculum planning. _xCurriculum change. |
||
| 650 |
_aEducation, Secondary _xAims and objectives. |
||
| 942 |
_2lcc _cBK |
||
| 999 |
_c367730 _d367730 |
||